Caricamento...
Life of prairies and plains
| Autore principale: | |
|---|---|
| Natura: | Printed Book |
| Pubblicazione: |
McGraw-Hill book Co, Inc., NewYork
1967
|
| Soggetti: |
| LEADER | 00492nam a2200193 4500 | ||
|---|---|---|---|
| 020 | |||
| 082 | |a 577.4 ALL-L | ||
| 100 | |a Allen, Durward L | ||
| 245 | |a Life of prairies and plains | ||
| 250 | |||
| 260 | |a McGraw-Hill book Co, Inc., NewYork |c 1967 | ||
| 300 | |||
| 490 | |||
| 500 | |||
| 590 | |a VIN | ||
| 650 | |a Grassland ecology | ||
| 942 | |c BK | ||
| 999 | |c 88363 |d 88363 | ||
| 952 | |0 0 |1 0 |4 0 |6 577_400000000000000_ALLL |7 0 |9 101831 |a ZGY |b ZGY |l 0 |o 577.4 ALL-L |p ZGY00899 |r 2019-09-25 |w 2019-09-25 |y BK | ||